Problémy a rozvoj vzdělávání v Evropě z historicko- srovnávacího pohledu

Dejiny vzdelávania v Európe a základné analýzy sociálno-politického a sociálno-ekonomického rozvoja. Podstata úsilia EÚ vo vzdelávaní spočíva v systematickej finančnej podpore jednotlivých krajín. Na rozdiel od spoločnej menovej a colnej politiky, má štatút doplňujúcej politiky. To znamená, že aktiv...

Ausführliche Beschreibung

Gespeichert in:
Bibliographische Detailangaben
1. Verfasser: Blaha, Jaroslav
Format: Buchkapitel
Sprache:Tschechisch
Schlagworte:
Tags: Tag hinzufügen
Keine Tags, Fügen Sie das erste Tag hinzu!

MARC

LEADER 00000nla a2200000 4500
001 0177444
005 20220729111901.4
041 0 |a cze 
044 |a SK 
245 1 0 |a Problémy a rozvoj vzdělávání v Evropě  |b z historicko- srovnávacího pohledu  |c Jaroslav Blaha 
520 |a Dejiny vzdelávania v Európe a základné analýzy sociálno-politického a sociálno-ekonomického rozvoja. Podstata úsilia EÚ vo vzdelávaní spočíva v systematickej finančnej podpore jednotlivých krajín. Na rozdiel od spoločnej menovej a colnej politiky, má štatút doplňujúcej politiky. To znamená, že aktivita Únie v oblasti vzdelávania nezasahuje priamo do národných vzdelávacích politík. 
610 2 0 |a Európa 
610 2 0 |a Česko 
610 2 0 |a dejiny 
610 2 0 |a politika vzdelávania 
610 2 0 |a sústava výchovno-vzdelávacia 
610 2 0 |a rozvoj sociálno-ekonomický 
610 2 0 |a financovanie školstva 
100 1 |a Blaha, Jaroslav